[Event "2nd White Rose"]
[Site "York"]
[Date "2000.01.24"]
[Round "1"]
[White "Dunnington, Angus"]
[Black "Benitah, Yohan"]
[Result "1/2-1/2"]
[WhiteElo "2372"]
[BlackElo "2397"]
[PlyCount "25"]
[EventDate "2000.01.24"]
[EventType "tourn"]
[EventRounds "9"]
[EventCountry "ENG"]
[EventCategory "1"]
[SourceTitle "BritBase"]
[Source "John Saunders"]
[SourceDate "2008.07.14"]
[SourceVersion "1"]
[SourceVersionDate "2008.07.14"]
[SourceQuality "2"]

1. Nf3 d5 2. d4 Nf6 3. c4 c6 4. e3 Bf5 5. cxd5 cxd5 6. Qb3 Qc8 7. Bd2 e6 8.
Bb5+ Nbd7 9. Nc3 a6 10. Be2 Bd6 11. Rc1 Qb8 12. Na4 O-O 13. Nb6 1/2-1/2

[Event "2nd White Rose"]
[Site "York"]
[Date "2000.01.24"]
[Round "1"]
[White "Forbes, Cathy"]
[Black "Wooldridge, Leon"]
[Result "0-1"]
[WhiteElo "2089"]
[BlackElo "2185"]
[PlyCount "72"]
[EventDate "2000.01.24"]
[EventType "tourn"]
[EventRounds "9"]
[EventCountry "ENG"]
[EventCategory "1"]
[SourceTitle "BritBase"]
[Source "John Saunders"]
[SourceDate "2008.07.14"]
[SourceVersion "1"]
[SourceVersionDate "2008.07.14"]
[SourceQuality "2"]

1. d4 d5 2. Nf3 Nf6 3. Bf4 e6 4. e3 Be7 5. h3 b6 6. c3 O-O 7. Nbd2 c5 8. Qc2
Bb7 9. Bd3 cxd4 10. exd4 Ba6 11. Bxa6 Nxa6 12. Ne5 Bd6 13. Bg5 Qc7 14. Bxf6
gxf6 15. Ng4 f5 16. Qd3 fxg4 17. hxg4 f6 18. Qxa6 Bf4 19. g3 Bxd2+ 20. Kxd2 e5
21. Qd3 e4 22. Qb5 Rad8 23. Rh5 a6 24. Qxa6 Qc6 25. Qe2 b5 26. Rah1 Rf7 27. a3
Ra8 28. g5 fxg5 29. Rxg5+ Kh8 30. Rh2 b4 31. Qh5 bxc3+ 32. bxc3 Rxa3 33. f4
Qxc3+ 34. Kd1 Ra1+ 35. Ke2 Re1+ 36. Kf2 Qd2+ 0-1

[Event "2nd White Rose"]
[Site "York"]
[Date "2000.01.24"]
[Round "1"]
[White "Frost, Nicholas A"]
[Black "Kinsman, Andrew"]
[Result "0-1"]
[WhiteElo "2109"]
[BlackElo "2399"]
[PlyCount "74"]
[EventDate "2000.01.24"]
[EventType "tourn"]
[EventRounds "9"]
[EventCountry "ENG"]
[EventCategory "1"]
[SourceTitle "BritBase"]
[Source "John Saunders"]
[SourceDate "2008.07.14"]
[SourceVersion "1"]
[SourceVersionDate "2008.07.14"]
[SourceQuality "2"]

1. e4 e6 2. d4 d5 3. Nc3 Bb4 4. Qd3 Ne7 5. Bd2 O-O 6. a3 Bxc3 7. Bxc3 b6 8.
O-O-O Ba6 9. Qe3 Bxf1 10. Rxf1 Nd7 11. Ne2 a5 12. Nf4 dxe4 13. Qxe4 Nf6 14. Qd3
Qd6 15. Bd2 Qc6 16. g4 Rad8 17. g5 Nfd5 18. Ne2 Nf5 19. h4 Rd7 20. h5 Rfd8 21.
g6 fxg6 22. Bg5 Nde7 23. hxg6 h6 24. Qh3 Rf8 25. Bxe7 Nxe7 26. Rhg1 Nf5 27. Rd1
Rfd8 28. Rge1 b5 29. Qb3 Rd6 30. Nf4 a4 31. Qa2 Rxd4 32. Qxe6+ Qxe6 33. Nxe6
Rxd1+ 34. Rxd1 Rxd1+ 35. Kxd1 c6 36. Ke2 Ne7 37. Nf4 Nd5 {time} 0-1

[Event "2nd White Rose"]
[Site "York"]
[Date "2000.01.24"]
[Round "1"]
[White "Jamieson, Peter McKeich"]
[Black "Jonkman, Harmen"]
[Result "0-1"]
[WhiteElo "2295"]
[BlackElo "2446"]
[PlyCount "78"]
[EventDate "2000.01.24"]
[EventType "tourn"]
[EventRounds "9"]
[EventCountry "ENG"]
[EventCategory "1"]
[SourceTitle "BritBase"]
[Source "John Saunders"]
[SourceDate "2008.07.14"]
[SourceVersion "1"]
[SourceVersionDate "2008.07.14"]
[SourceQuality "2"]

1. d4 d5 2. c4 dxc4 3. Nf3 Nf6 4. e3 e6 5. Bxc4 a6 6. O-O b5 7. Bd3 Bb7 8. a4
b4 9. Nbd2 c5 10. Qe2 Nbd7 11. Rd1 Qc7 12. Nf1 Be7 13. Ng3 O-O 14. Bd2 Rfc8 15.
dxc5 Bxc5 16. a5 Ne5 17. Nxe5 Qxe5 18. Kh1 Qg5 19. f3 h5 20. e4 Qe5 21. Be3 g5
22. Nf1 h4 23. Bxc5 Rxc5 24. Ne3 Nh5 25. Ng4 Qc7 26. e5 Nf4 27. Qe3 Kg7 28. Kg1
Rd8 29. g3 hxg3 30. hxg3 Rxd3 31. Rxd3 Nxd3 32. Qxg5+ Kf8 33. Qh6+ Ke8 34. Nf6+
Ke7 35. Ng8+ Kd7 36. Nf6+ Kc8 37. Qf8+ Qd8 38. Qxd8+ Kxd8 39. Rd1 Rc1 0-1

[Event "2nd White Rose"]
[Site "York"]
[Date "2000.01.24"]
[Round "1"]
[White "Saunders, John C"]
[Black "Fantin, Ludwig"]
[Result "1-0"]
[WhiteElo "2200"]
[BlackElo "2114"]
[PlyCount "73"]
[EventDate "2000.01.24"]
[EventType "tourn"]
[EventRounds "9"]
[EventCountry "ENG"]
[EventCategory "1"]
[SourceTitle "BritBase"]
[Source "John Saunders"]
[SourceDate "2008.07.14"]
[SourceVersion "1"]
[SourceVersionDate "2008.07.14"]
[SourceQuality "2"]

1. e4 c5 2. c3 d5 3. exd5 Qxd5 4. d4 Nf6 5. Nf3 Bg4 6. Be2 e6 7. h3 Bh5 8. O-O
Nc6 9. Be3 Rd8 10. dxc5 Bxc5 11. Qxd5 Rxd5 12. c4 Bxf3 13. cxd5 Bxe2 14. Re1
Bxe3 15. dxc6 Bb5 16. Rxe3 Bxc6 17. Nc3 Ke7 18. b4 Nd5 19. Nxd5+ Bxd5 20. Rc3
f5 21. Rc7+ Kf6 22. a4 a6 23. b5 axb5 24. axb5 h5 25. Rd7 Rc8 26. f3 Rc5 27.
Rb1 Rc2 {(Draw offer)} 28. Rd8 Kg5 29. Rb4 Kf6 30. h4 Ke5 31. Rd7 Kf6 32. Kh1
g6 33. Kg1 Ke5 34. b6 Kf6 35. Rc7 Bc6 36. Kf1 Ra2 37. Rxc6 1-0

[Event "2nd White Rose"]
[Site "York"]
[Date "2000.01.25"]
[Round "2"]
[White "Fantin, Ludwig"]
[Black "Benitah, Yohan"]
[Result "0-1"]
[WhiteElo "2114"]
[BlackElo "2397"]
[PlyCount "86"]
[EventDate "2000.01.24"]
[EventType "tourn"]
[EventRounds "9"]
[EventCountry "ENG"]
[EventCategory "1"]
[SourceTitle "BritBase"]
[Source "John Saunders"]
[SourceDate "2008.07.14"]
[SourceVersion "1"]
[SourceVersionDate "2008.07.14"]
[SourceQuality "2"]

1. e4 e6 2. d4 d5 3. Nc3 dxe4 4. Nxe4 Nd7 5. Nf3 Ngf6 6. Bd3 Nxe4 7. Bxe4 Nf6
8. Bd3 c5 9. c3 cxd4 10. cxd4 Be7 11. O-O O-O 12. Ne5 Qd5 13. Bc4 Qd6 14. Bf4
Qb6 15. Qd2 Rd8 16. Rad1 Bd7 17. Qe2 Be8 18. Bd3 Qa5 19. a3 Rac8 20. Rfe1 b5
21. Qe3 Rd5 22. Bb1 Rcd8 23. b4 Qb6 24. Nf3 a5 25. Qc3 axb4 26. axb4 R5d7 27.
Bd2 Rc7 28. Qd3 Bc6 29. Rc1 Bxf3 30. Qxf3 Rxc1 31. Rxc1 Qxd4 32. Bc3 Rc8 33.
Rc2 Qe4 34. Qxe4 Nxe4 35. Be1 Rd8 36. Re2 Nf6 37. f3 Rd1 38. Bc2 Rc1 39. Kf2
Nd5 40. Bd3 Nf4 41. Re3 Rxe1 42. Kxe1 Bxb4+ 43. Kf1 Bc5 0-1

[Event "2nd White Rose"]
[Site "York"]
[Date "2000.01.25"]
[Round "2"]
[White "Jonkman, Harmen"]
[Black "Dunnington, Angus"]
[Result "1/2-1/2"]
[WhiteElo "2446"]
[BlackElo "2372"]
[PlyCount "60"]
[EventDate "2000.01.24"]
[EventType "tourn"]
[EventRounds "9"]
[EventCountry "ENG"]
[EventCategory "1"]
[SourceTitle "BritBase"]
[Source "John Saunders"]
[SourceDate "2008.07.14"]
[SourceVersion "1"]
[SourceVersionDate "2008.07.14"]
[SourceQuality "2"]

1. e4 c5 2. c3 g6 3. d4 cxd4 4. cxd4 d5 5. exd5 Nf6 6. Nc3 Nxd5 7. Qb3 Nb6 8.
Bb5+ Bd7 9. Nf3 Bg7 10. a4 O-O 11. a5 Be6 12. Qa3 Nc4 13. Qa4 Nd6 14. Be2 Nf5
15. O-O Bd7 16. Qd1 Nc6 17. a6 Nfxd4 18. Nxd4 Nxd4 19. axb7 Rb8 20. Be3 Bc6 21.
Rxa7 Qb6 22. Ra6 Nxe2+ 23. Qxe2 Qxb7 24. Rb6 Qc8 25. Ra6 Qb7 26. Rb6 Qc7 27.
Qa6 Rxb6 28. Bxb6 Qb7 29. Qxb7 Bxb7 30. Rd1 Bc6 1/2-1/2

[Event "2nd White Rose"]
[Site "York"]
[Date "2000.01.25"]
[Round "2"]
[White "Kinsman, Andrew"]
[Black "Forbes, Cathy"]
[Result "1-0"]
[WhiteElo "2399"]
[BlackElo "2089"]
[PlyCount "59"]
[EventDate "2000.01.24"]
[EventType "tourn"]
[EventRounds "9"]
[EventCountry "ENG"]
[EventCategory "1"]
[SourceTitle "BritBase"]
[Source "John Saunders"]
[SourceDate "2008.07.14"]
[SourceVersion "1"]
[SourceVersionDate "2008.07.14"]
[SourceQuality "2"]

1. d4 d5 2. c4 c6 3. Nf3 Bf5 4. Nc3 e6 5. Qb3 Qb6 6. c5 Qxb3 7. axb3 Na6 8. Bf4
Nb4 9. Kd2 Nf6 10. e3 Be7 11. Nh4 Ne4+ 12. Nxe4 Bxe4 13. Nf3 O-O 14. Ra4 b5 15.
Rxb4 a5 16. Rxb5 cxb5 17. Bxb5 f6 18. Rc1 e5 19. dxe5 Rac8 20. c6 Bb4+ 21. Ke2
g5 22. Bg3 g4 23. Nd4 Bxg2 24. c7 fxe5 25. Bxe5 g3 26. Bxg3 Bh3 27. Bc6 Rf6 28.
Bxd5+ Kg7 29. Be5 Bd6 30. Rg1+ 1-0

[Event "2nd White Rose"]
[Site "York"]
[Date "2000.01.25"]
[Round "2"]
[White "Saunders, John C"]
[Black "Frost, Nicholas A"]
[Result "0-1"]
[WhiteElo "2200"]
[BlackElo "2109"]
[PlyCount "66"]
[EventDate "2000.01.24"]
[EventType "tourn"]
[EventRounds "9"]
[EventCountry "ENG"]
[EventCategory "1"]
[SourceTitle "BritBase"]
[Source "John Saunders"]
[SourceDate "2008.07.14"]
[SourceVersion "1"]
[SourceVersionDate "2008.07.14"]
[SourceQuality "2"]

1. e4 e6 2. d4 d5 3. Nd2 Nf6 4. e5 Nfd7 5. Bd3 c5 6. c3 Nc6 7. Ne2 cxd4 8. cxd4
f6 9. exf6 Nxf6 10. Nf3 Bd6 11. O-O O-O 12. Bg5 Qc7 13. Bh4 Nh5 14. Qc2 h6 15.
Rac1 Bd7 16. Bg3 Nxg3 17. hxg3 Be8 18. Qd2 Bh5 19. Qe3 Rae8 20. Bb5 e5 21. Nxe5
Bxe5 22. dxe5 Rxe5 23. Qd2 Qb6 24. Nc3 Nd4 25. g4 Bxg4 26. Nxd5 Rxd5 27. Bc4
Rfd8 28. Rfe1 Kh8 29. Bxd5 Rxd5 30. Qf4 Qg6 31. Re3 Ne2+ 32. Rxe2 Bxe2 33. Rc8+
Kh7 0-1

[Event "2nd White Rose"]
[Site "York"]
[Date "2000.01.25"]
[Round "2"]
[White "Wooldridge, Leon"]
[Black "Jamieson, Peter McKeich"]
[Result "1/2-1/2"]
[WhiteElo "2185"]
[BlackElo "2295"]
[PlyCount "67"]
[EventDate "2000.01.24"]
[EventType "tourn"]
[EventRounds "9"]
[EventCountry "ENG"]
[EventCategory "1"]
[SourceTitle "BritBase"]
[Source "John Saunders"]
[SourceDate "2008.07.14"]
[SourceVersion "1"]
[SourceVersionDate "2008.07.14"]
[SourceQuality "2"]

1. d4 Nf6 2. c4 g6 3. Nc3 Bg7 4. e4 d6 5. Nf3 O-O 6. Be2 e5 7. O-O Nbd7 8. Re1
exd4 9. Nxd4 Nc5 10. f3 a5 11. Ndb5 Ne8 12. Bf4 Ne6 13. Bg3 f5 14. exf5 gxf5
15. Qd2 c6 16. Na3 Bd4+ 17. Bf2 Be5 18. Bf1 Qf6 19. Rad1 Rf7 20. Nc2 Bd7 21.
Nd4 N8c7 22. Nde2 Qg6 23. f4 Bg7 24. Qxd6 Ne8 25. Qd3 Nf6 26. Qf3 Ne4 27. Be3
Re8 28. Nd4 Nxc3 29. bxc3 Nc5 30. Bd3 Rfe7 31. Qf2 Ne4 32. Bxe4 Rxe4 33. c5 Qh5
34. Rb1 1/2-1/2

[Event "2nd White Rose"]
[Site "York"]
[Date "2000.01.26"]
[Round "3"]
[White "Benitah, Yohan"]
[Black "Jonkman, Harmen"]
[Result "0-1"]
[WhiteElo "2397"]
[BlackElo "2446"]
[PlyCount "156"]
[EventDate "2000.01.24"]
[EventType "tourn"]
[EventRounds "9"]
[EventCountry "ENG"]
[EventCategory "1"]
[SourceTitle "BritBase"]
[Source "John Saunders"]
[SourceDate "2008.07.14"]
[SourceVersion "1"]
[SourceVersionDate "2008.07.14"]
[SourceQuality "2"]

1. d4 d5 2. c4 dxc4 3. e3 Nf6 4. Bxc4 a6 5. Nf3 e6 6. O-O c5 7. Bd3 Nbd7 8. Qe2
cxd4 9. exd4 Be7 10. Nc3 O-O 11. Bg5 h6 12. Be3 b5 13. a3 Bb7 14. Ne5 Nb6 15.
Qd2 Re8 16. Rad1 {(Draw offer)} Bf8 17. Rfe1 Nbd5 18. Nxd5 Qxd5 19. f3 Rac8 20.
Qf2 Qd8 21. Bb1 Nd5 22. Qe2 Nxe3 23. Qxe3 Qg5 24. Qd3 g6 25. h4 Qh5 26. Nxf7
Bxf3 27. Re5 Bxd1 28. Rxh5 Bxh5 29. Ne5 Red8 30. b4 Rc1+ 31. Kf2 Rd1 32. Qb3
Rd5 33. Be4 R1xd4 34. Bxd5 Rxd5 35. Nd3 Bg4 36. Nf4 Rd2+ 37. Ke3 Rd6 38. Nxg6
Bg7 39. Qc2 h5 40. Ne7+ Kf8 41. Qc7 Rd1 42. Ng6+ Kg8 43. Qb8+ Kf7 44. Nh8+ Ke7
45. Qc7+ Rd7 46. Ng6+ Ke8 47. Qc8+ Rd8 48. Qxa6 Kf7 49. Nf4 Bd4+ 50. Ke4 Bf5+
51. Kf3 Bg4+ 52. Kg3 Be5 53. Qb7+ Kf6 54. Qh7 Rd4 55. Qg6+ Ke7 56. Qg5+ Kd6 57.
Qd8+ Kc6 58. Qc8+ Bc7 59. Qa6+ {(Draw offer)} Kd7 60. Qxb5+ Kd8 61. Qg5+ Kc8
62. Qg8+ Kb7 63. Qe8 Bxf4+ 64. Kf2 Rd2+ 65. Ke1 Be3 66. Qb5+ Kc8 67. Qe8+ Kc7
68. Qa4 Rd1+ 69. Qxd1 Bxd1 70. Kxd1 Bf2 71. g4 hxg4 72. h5 Be3 73. Ke2 Bf4 74.
Kf2 Kc6 75. a4 e5 76. b5+ Kc5 77. h6 Bxh6 78. Kg3 Bd2 0-1

[Event "2nd White Rose"]
[Site "York"]
[Date "2000.01.26"]
[Round "3"]
[White "Forbes, Cathy"]
[Black "Saunders, John C"]
[Result "1/2-1/2"]
[WhiteElo "2089"]
[BlackElo "2200"]
[PlyCount "91"]
[EventDate "2000.01.24"]
[EventType "tourn"]
[EventRounds "9"]
[EventCountry "ENG"]
[EventCategory "1"]
[SourceTitle "BritBase"]
[Source "John Saunders"]
[SourceDate "2008.07.14"]
[SourceVersion "1"]
[SourceVersionDate "2008.07.14"]
[SourceQuality "2"]

1. d4 d6 2. Nf3 g6 3. e4 Bg7 4. h3 Nd7 5. Bc4 e6 6. Bg5 Ne7 7. Nc3 h6 8. Be3
Nf6 9. Bb3 d5 10. e5 Nd7 11. Qd2 a6 12. Ne2 c5 13. c3 Nc6 14. O-O b5 15. dxc5
Ndxe5 16. Nxe5 Nxe5 17. Bd4 Kf8 18. f4 Nd7 19. c6 Nf6 20. a4 bxa4 21. Bxa4 Kg8
22. Qe3 Ne4 23. b4 Nd6 24. Bxg7 Kxg7 25. Qd4+ Kh7 26. g4 Qe7 27. Kg2 f5 28. Ng3
Ra7 29. Rfe1 Rc7 30. Re2 Qd8 31. Qb6 Nc4 32. Qd4 Qh4 33. Rh1 fxg4 34. hxg4 Qxg4
35. Rxh6+ Kxh6 36. Qxh8+ Rh7 37. Qxc8 Qxf4 38. Qxe6 Rf7 39. Qh3+ Kg7 40. c7
Qf3+ 41. Kg1 Rxc7 42. Rf2 Qe3 43. Qg4 Rf7 44. Qd4+ Qxd4 45. cxd4 Rb7 46. Bc6
1/2-1/2

[Event "2nd White Rose"]
[Site "York"]
[Date "2000.01.26"]
[Round "3"]
[White "Frost, Nicholas A"]
[Black "Fantin, Ludwig"]
[Result "1-0"]
[WhiteElo "2109"]
[BlackElo "2114"]
[PlyCount "87"]
[EventDate "2000.01.24"]
[EventType "tourn"]
[EventRounds "9"]
[EventCountry "ENG"]
[EventCategory "1"]
[SourceTitle "BritBase"]
[Source "John Saunders"]
[SourceDate "2008.07.14"]
[SourceVersion "1"]
[SourceVersionDate "2008.07.14"]
[SourceQuality "2"]

1. e4 c5 2. Nc3 Nc6 3. g3 g6 4. Bg2 Bg7 5. d3 d6 6. f4 e5 7. Nf3 Nge7 8. Be3
Nd4 9. O-O O-O 10. Qd2 Rb8 11. Nd1 b5 12. c3 Nxf3+ 13. Bxf3 b4 14. fxe5 bxc3
15. bxc3 Bxe5 16. Bh6 Bg7 17. Bxg7 Kxg7 18. d4 Qb6 19. Ne3 Ba6 20. Rf2 cxd4 21.
cxd4 Nc6 22. Rd1 Qb4 23. Qc1 Rbc8 24. Bg4 Ne5 25. Bxc8 Rxc8 26. Qd2 Qxd2 27.
Rdxd2 Nd3 28. Rf1 Re8 29. Rfd1 Nb4 30. d5 Rxe4 31. Kf2 Bb5 32. Rb1 a6 33. Rb3
Ba4 34. Rc3 a5 35. Nc4 Re7 36. a3 Rc7 37. axb4 axb4 38. Rc1 Bb5 39. Nxd6 Rxc1
40. Nxb5 b3 41. Nd4 Rb1 42. Ke2 Kf6 43. d6 b2 44. Kd3 1-0

[Event "2nd White Rose"]
[Site "York"]
[Date "2000.01.26"]
[Round "3"]
[White "Jamieson, Peter McKeich"]
[Black "Kinsman, Andrew"]
[Result "0-1"]
[WhiteElo "2295"]
[BlackElo "2399"]
[PlyCount "90"]
[EventDate "2000.01.24"]
[EventType "tourn"]
[EventRounds "9"]
[EventCountry "ENG"]
[EventCategory "1"]
[SourceTitle "BritBase"]
[Source "John Saunders"]
[SourceDate "2008.07.14"]
[SourceVersion "1"]
[SourceVersionDate "2008.07.14"]
[SourceQuality "2"]

1. Nf3 Nf6 2. g3 d5 3. Bg2 c5 4. c4 Nc6 5. cxd5 Nxd5 6. O-O e5 7. Nc3 Nc7 8. d3
Be7 9. Ne1 Bg4 10. h3 Be6 11. Bd2 Qd7 12. Kh2 Rc8 13. Nc2 O-O 14. f4 exf4 15.
gxf4 f5 16. Qe1 b5 17. b3 Rfe8 18. Qf2 Bf8 19. Rad1 Nd4 20. Ne1 b4 21. Na4 Nxb3
22. axb3 Bxb3 23. Nb2 Bxd1 24. Nxd1 a5 25. Nf3 Bd6 26. Nb2 a4 27. Nc4 Rb8 28.
Nfe5 Bxe5 29. Nxe5 Qd6 30. e4 b3 31. exf5 b2 32. Bc3 a3 33. Rg1 Rb3 34. Qg3 Qf6
35. Bc6 Rxc3 36. Bxe8 Nxe8 37. Qf3 Rc2+ 38. Kh1 Qd6 39. Qb7 Nc7 40. Qc8+ Qf8
41. Qxc7 Rc1 42. Qb7 b1=Q 43. Qxb1 Rxb1 44. Rxb1 a2 45. Ra1 Qb8 0-1

[Event "2nd White Rose"]
[Site "York"]
[Date "2000.01.27"]
[Round "4"]
[White "Fantin, Ludwig"]
[Black "Jonkman, Harmen"]
[Result "1/2-1/2"]
[WhiteElo "2114"]
[BlackElo "2446"]
[PlyCount "101"]
[EventDate "2000.01.24"]
[EventType "tourn"]
[EventRounds "9"]
[EventCountry "ENG"]
[EventCategory "1"]
[SourceTitle "BritBase"]
[Source "John Saunders"]
[SourceDate "2008.07.14"]
[SourceVersion "1"]
[SourceVersionDate "2008.07.14"]
[SourceQuality "2"]

1. e4 e5 2. Nf3 Nc6 3. Bb5 Nf6 4. O-O Nxe4 5. d4 Nd6 6. Bxc6 dxc6 7. dxe5 Ne4
8. Qe2 Bf5 9. Rd1 Qc8 10. g4 Bg6 11. Nh4 Qe6 12. Nxg6 Qxg6 13. f3 Nc5 14. Nc3
h5 15. g5 Ne6 16. Qe4 Be7 17. f4 Nc5 18. Qxg6 fxg6 19. Be3 Ne6 20. Kg2 Rf8 21.
Kg3 Bc5 22. Bxc5 Nxc5 23. h4 a5 24. Kf3 Ke7 25. Ke3 Rf7 26. Rd2 Raf8 27. Rf1
Nd7 28. Rd4 Nb6 29. Rfd1 Ke6 30. R1d2 Nc8 31. Ne4 b6 32. Ng3 c5 33. Re4 Ne7 34.
Kf3 {(Draw offer)} Nd5 35. Ne2 Rd7 36. a3 Rfd8 37. Ng3 Ne7 38. Rxd7 Rxd7 39.
Ke2 Rd5 40. c3 Rd8 41. Re3 c4 42. Rf3 Rd5 43. Rf2 b5 44. Nf1 Rd7 45. Ne3 Nc8
46. Rf1 Rf7 47. Nc2 c5 48. Ne3 Nb6 49. Kf3 Rd7 50. Rf2 Na4 51. Ke4 1/2-1/2

[Event "2nd White Rose"]
[Site "York"]
[Date "2000.01.27"]
[Round "4"]
[White "Frost, Nicholas A"]
[Black "Forbes, Cathy"]
[Result "1-0"]
[WhiteElo "2109"]
[BlackElo "2089"]
[PlyCount "91"]
[EventDate "2000.01.24"]
[EventType "tourn"]
[EventRounds "9"]
[EventCountry "ENG"]
[EventCategory "1"]
[SourceTitle "BritBase"]
[Source "John Saunders"]
[SourceDate "2008.07.14"]
[SourceVersion "1"]
[SourceVersionDate "2008.07.14"]
[SourceQuality "2"]

1. e4 c5 2. Nc3 d6 3. g3 Nc6 4. Bg2 g6 5. d3 Bg7 6. f4 e6 7. Nf3 Nge7 8. O-O
Bd7 9. Be3 Nd4 10. Qd2 b5 11. e5 Nef5 12. Bxd4 cxd4 13. Ne4 d5 14. Nc5 Rc8 15.
Nb3 Qb6 16. Qf2 Bf8 17. Rac1 Ne3 18. Rfe1 Bb4 19. Re2 a5 20. h3 Bc5 21. Nxc5
Qxc5 22. Nxd4 Qxd4 23. c3 Qxd3 {(Draw offer)} 24. Qxe3 Qxe3+ 25. Rxe3 h5 26.
Kf2 Ke7 27. Bf1 Rc5 28. Ree1 Rhc8 29. Ke3 b4 30. Kd4 bxc3 31. Rxc3 Rxc3 32.
bxc3 Rb8 33. Bd3 a4 34. Rb1 Rxb1 35. Bxb1 a3 36. Kc5 f5 37. h4 Kd8 38. Kb4 Kc7
39. Kxa3 Bb5 40. Kb4 Kb6 41. Bc2 Be8 42. Bd3 Bd7 43. a4 Be8 44. Bb5 Bf7 45. a5+
Kb7 46. Kc5 1-0

[Event "2nd White Rose"]
[Site "York"]
[Date "2000.01.27"]
[Round "4"]
[White "Saunders, John C"]
[Black "Jamieson, Peter McKeich"]
[Result "1/2-1/2"]
[WhiteElo "2200"]
[BlackElo "2295"]
[PlyCount "31"]
[EventDate "2000.01.24"]
[EventType "tourn"]
[EventRounds "9"]
[EventCountry "ENG"]
[EventCategory "1"]
[SourceTitle "BritBase"]
[Source "John Saunders"]
[SourceDate "2008.07.14"]
[SourceVersion "1"]
[SourceVersionDate "2008.07.14"]
[SourceQuality "2"]

1. e4 c5 2. c3 d5 3. exd5 Qxd5 4. d4 Nf6 5. Nf3 Bg4 6. Be2 e6 7. h3 Bh5 8. O-O
Be7 9. Be3 cxd4 10. c4 Qa5 11. Nxd4 Bxe2 12. Qxe2 O-O 13. Nc3 Nc6 14. Ncb5 Nxd4
15. Nxd4 Rfd8 16. Rfd1 1/2-1/2

[Event "2nd White Rose"]
[Site "York"]
[Date "2000.01.27"]
[Round "4"]
[White "Wooldridge, Leon"]
[Black "Benitah, Yohan"]
[Result "1/2-1/2"]
[WhiteElo "2185"]
[BlackElo "2397"]
[PlyCount "134"]
[EventDate "2000.01.24"]
[EventType "tourn"]
[EventRounds "9"]
[EventCountry "ENG"]
[EventCategory "1"]
[SourceTitle "BritBase"]
[Source "John Saunders"]
[SourceDate "2008.07.14"]
[SourceVersion "1"]
[SourceVersionDate "2008.07.14"]
[SourceQuality "2"]

1. Nf3 Nf6 2. c4 g6 3. Nc3 c5 4. e4 Nc6 5. d4 cxd4 6. Nxd4 Nxd4 7. Qxd4 d6 8.
Be3 Bg7 9. h3 O-O 10. Qd2 Be6 11. Rc1 Rc8 12. b3 a6 13. Bd3 b5 14. cxb5 axb5
15. O-O d5 16. Nxd5 Nxd5 17. Rxc8 Bxc8 18. exd5 Qxd5 19. Be2 Qb7 {(Draw offer)}
20. Qa5 Bd7 21. Bf3 Bc6 22. Bxc6 Qxc6 23. Rc1 Qd7 24. Qc7 Qe6 25. Qc6 Qe5 26.
Qc5 Qb2 27. a4 bxa4 28. bxa4 f5 29. a5 Kh8 30. Qb6 f4 31. Bxf4 Bd4 32. Qxb2
Bxb2 33. Rc4 Ra8 34. Ra4 Ra6 35. Bc7 Kg7 36. Rb4 Bc3 37. Rb3 Bd4 38. Bb6 Be5
39. Kf1 Kf7 40. Ke2 Ke6 41. Kd3 Kd7 42. Ke4 Ke6 43. f4 Bd6 44. Rb5 Ra8 45. Bc5
Bc7 46. Rb7 Bd8 47. Bb4 Bxa5 48. Bxe7 h5 49. Bc5 Bd8 50. Ra7 Rc8 51. Ra6+ Kf7
52. Ra7+ Ke6 53. Ra6+ Kf7 54. Bd4 Rc2 55. Kf3 Rc4 56. Be5 Rb4 57. Ra7+ Ke6 58.
Rg7 Rb3+ 59. Ke4 Rg3 60. Rxg6+ Rxg6 61. f5+ Kf7 62. fxg6+ Kxg6 {(Draw offer)}
63. Bg3 Be7 64. Ke5 Ba3 65. Bh4 Bb4 66. Ke6 Ba3 67. Be7 Bb2 1/2-1/2

[Event "2nd White Rose"]
[Site "York"]
[Date "2000.01.28"]
[Round "5"]
[White "Benitah, Yohan"]
[Black "Kinsman, Andrew"]
[Result "0-1"]
[WhiteElo "2397"]
[BlackElo "2399"]
[PlyCount "74"]
[EventDate "2000.01.24"]
[EventType "tourn"]
[EventRounds "9"]
[EventCountry "ENG"]
[EventCategory "1"]
[SourceTitle "BritBase"]
[Source "John Saunders"]
[SourceDate "2008.07.14"]
[SourceVersion "1"]
[SourceVersionDate "2008.07.14"]
[SourceQuality "2"]

1. d4 e6 2. c4 b6 3. Nc3 Bb7 4. e4 Bb4 5. Bd3 f5 6. f3 Qh4+ 7. g3 Qh5 8. Nge2
fxe4 9. fxe4 Nf6 10. O-O Nc6 11. e5 Nxe5 12. Nf4 Nf3+ 13. Rxf3 Qxf3 14. Qxf3
Bxf3 15. Nb5 O-O-O 16. Nxa7+ Kb8 17. Nb5 e5 18. dxe5 Bc5+ 19. Kf1 Ng4 20. Be2
Nxe5 21. Bxf3 Nxf3 22. b4 Bxb4 23. Nd5 Bc5 24. Nbxc7 Kb7 25. a4 Rhf8 26. Kg2
Nd4 27. a5 bxa5 28. Be3 Nc2 29. Rb1+ Kc6 30. Bf4 a4 31. Rb5 Ra8 32. Nxa8 Rxa8
33. Nc3 a3 34. Na2 Ra4 35. Bd2 Rxc4 36. Rb8 Nd4 37. Bc3 Nb5 0-1

[Event "2nd White Rose"]
[Site "York"]
[Date "2000.01.28"]
[Round "5"]
[White "Dunnington, Angus"]
[Black "Saunders, John C"]
[Result "1/2-1/2"]
[WhiteElo "2372"]
[BlackElo "2200"]
[PlyCount "142"]
[EventDate "2000.01.24"]
[EventType "tourn"]
[EventRounds "9"]
[EventCountry "ENG"]
[EventCategory "1"]
[SourceTitle "BritBase"]
[Source "John Saunders"]
[SourceDate "2008.07.14"]
[SourceVersion "1"]
[SourceVersionDate "2008.07.14"]
[SourceQuality "2"]

1. d4 Nf6 2. Nf3 g6 3. g3 Bg7 4. Bg2 O-O 5. O-O d6 6. Nc3 Nbd7 7. e4 e5 8. a4
Re8 9. a5 exd4 10. Nxd4 Nc5 11. Re1 Bg4 12. Qd2 Qd7 13. b4 Na6 14. Ba3 c5 15.
bxc5 dxc5 16. Nb3 c4 {(Draw offer)} 17. Nd4 Bh3 18. e5 Bxg2 19. Kxg2 Ng4 20. f4
Nh6 21. Ne4 Qd5 22. Nf3 Qc6 23. Nd4 Qd5 24. Nf3 Qc6 25. Nd6 Red8 26. Qe2 Nf5
27. Nxf5 gxf5 28. Bd6 Nc7 29. Kg1 Ne6 30. Rad1 Bf8 31. Bxf8 Kxf8 32. Nh4 Qc5+
33. Qf2 Qxa5 34. Nxf5 Qc3 35. Nd6 Qb4 36. Rd5 Qb6 37. Red1 Qxf2+ 38. Kxf2 Rab8
39. Nxc4 Rxd5 40. Rxd5 b5 41. Na5 a6 42. Rd6 Rc8 43. Nc6 a5 44. f5 Nc5 45. Ke3
Nb7 46. Rd7 Nc5 47. Rd6 Nb7 48. Rd7 Nc5 49. Rd8+ Rxd8 50. Nxd8 a4 51. Nc6 Na6
52. Nd4 a3 53. Nb3 Nb4 54. c3 Nc6 55. Ke4 a2 56. Kd5 Na5 57. Na1 Nc4 58. Kc5
Nxe5 59. Kxb5 Ke7 60. c4 Kf6 61. c5 Kxf5 62. c6 Nxc6 63. Kxc6 Kg4 64. Kd5 h5
65. Ke4 Kh3 66. Kf3 Kxh2 67. Kf2 Kh3 68. Kf3 f5 69. Nb3 h4 70. gxh4 Kxh4 71.
Kf4 Kh3 1/2-1/2